000 00584nam a2200229Ia 4500
003 OSt
005 20220918231324.0
006 a|||||r|||| 00| 0
007 ta
008 220917b |||||||| |||| 00| 0 eng d
024 _a278,370
037 _cTextual
040 _aARTS
_cARTS
_beng
041 _2eng
_aeng
082 _aY:5.7311, L8
245 0 _aPopulation council
_ba chronicle of the fiest twenty five years 1952- 1977
260 _c1978
300 _a210p.
_ccm.
650 _aSOCIOLOGY
942 _hY:5.7311, L8
_cTEXL
_2CC
999 _c290575
_d290575